Loading...
| Literature - British Literature | 0 | 6 | 0 | 0 | 60 | 97 | 108.17 | 1 | 3 |
| Fine Arts - Other Fine Arts | 0 | 3 | 0 | 1 | 30 | 142 | 144.67 | 0 | 0 |
| History - World History | 0 | 3 | 0 | 2 | 30 | 133 | 136.33 | 0 | 0 |
| Literature - American Literature | 0 | 3 | 0 | 0 | 30 | 78 | 95.67 | 1 | 1 |
| Literature - World Literature | 0 | 3 | 0 | 0 | 30 | 86 | 119.00 | 0 | 2 |
| History - European History | 0 | 2 | 0 | 1 | 20 | 137 | 139.00 | 0 | 0 |
| Science - Biology | 0 | 2 | 0 | 0 | 20 | 113 | 113.50 | 0 | 0 |
| Fine Arts - Painting & Sculpture | 0 | 2 | 0 | 1 | 20 | 137 | 138.50 | 0 | 0 |
| Social Science | 0 | 1 | 0 | 0 | 10 | 117 | 117.00 | 1 | 1 |
| Literature - European Literature | 0 | 1 | 0 | 0 | 10 | 98 | 98.00 | 0 | 1 |
| Geography | 0 | 1 | 0 | 0 | 10 | 100 | 100.00 | 0 | 0 |
| Religion | 0 | 1 | 1 | 0 | 5 | 122 | 122.00 | 0 | 1 |
| History - Other History | 0 | 0 | 0 | 0 | 0 | 0.00 | 0 | 0 | |
| Science - Physics | 0 | 0 | 1 | 0 | -5 | 0.00 | 0 | 0 |